Länder, die noch nie ein CL-Team stellten - Statistiken

Allgemein
  • Dieses Quiz wurde 173 mal gespielt
  • Das Durchschnittsergebnis liegt bei 9 aus 13
Antwortstatistiken
Land % Korrekt
Estland
88%
San Marino
88%
Andorra
87%
Albanien
82%
Kosovo
78%
Nordmazedonien
74%
Montenegro
73%
Bosnien-Herzegowina
67%
Armenien
59%
Georgien
59%
Wales
54%
Faroer
45%
Gibraltar
43%
Keine übereinstimmenden Quizze gefunden
Verteilung der Resultate
Anzahl Personen mit jedem Resultat
Perzentil nach korrekt beantworteten Fragen
Ihre Resultats-Entwicklung
Sie haben dieses Quiz noch nicht gespielt